Statistics for Minesweeper Original - Playable Game! #2

Click here to take the quiz!

General Stats

  • This quiz has been taken 30 times
  • The average score is 57 of 72

Answer Stats

Cell % Correct
A1GO
100%
F1GO
100%
D3GO
100%
D4GO
100%
D5GO
100%
E1GO
100%
E2GO
100%
E3GO
100%
E4GO
100%
A2GO
100%
F2GO
100%
D1GO
100%
F3GO
100%
F4GO
100%
F5GO
100%
G2GO
100%
G3GO
100%
G4GO
100%
H2GO
100%
H3GO
100%
H4GO
100%
D2GO
100%
E5GO
100%
B3GO
100%
C2GO
100%
A3GO
100%
A4GO
100%
B1GO
100%
B2GO
100%
B4GO
100%
C1GO
100%
C4GO
82%
H5GO
77%
J7GO
73%
D6GO
73%
J3GO
73%
J6GO
73%
H7GO
73%
A9GO
73%
H6GO
73%
J9GO
73%
J4GO
73%
J5GO
73%
H1GO
68%
E7GO
68%
A5GO
68%
C6GO
68%
J1GO
68%
A6GO
64%
G7GO
64%
F7GO
64%
A7GO
64%
F6GO
64%
C5GO
59%
B6GO
59%
B7GO
59%
C7GO
59%
FAIL
59%
H9GO
55%
H8GO
55%
C9GO
55%
G9GO
55%
G8GO
55%
A8GO
55%
F9GO
55%
C8GO
55%
E9GO
55%
E8GO
55%
B9GO
55%
D9GO
55%
D8GO
55%
F8GO
55%

Score Distribution

Percentile by Number Answered

Percent of People with Each Score

Your Score History

You have not taken this quiz